| 000 | 00530nam a2200193 a 4500 | ||
|---|---|---|---|
| 001 | 000011723 | ||
| 003 | DO-SdBNP | ||
| 005 | 20220411114405.0 | ||
| 007 | ta | ||
| 008 | 091027s1954 dr 000 0 spa d | ||
| 040 |
_aDO-SdBNP _bspa _cBNPHU |
||
| 049 | _aBNPD | ||
| 082 |
_axxx _bA185b |
||
| 100 | 1 |
_aAcosta Corsino, J. F. _927774 |
|
| 245 | 1 | 3 |
_aEl beneficio de los valores / _cJ. F. Acosta Corsino. |
| 260 |
_aCiudad Trujillo, República Dominicana : _bPol Hermano, _c1954. |
||
| 300 |
_a87 p. ; _c23 cm. |
||
| 942 |
_2ddc _cLBS1 |
||
| 999 |
_c11398 _d11398 |
||